| 000 | 00636nam a22001697a 4500 | ||
|---|---|---|---|
| 005 | 20260218155746.0 | ||
| 008 | 260218b |||||||| |||| 00| 0 eng d | ||
| 020 | _a9789387791336 | ||
| 040 | _cVITAP | ||
| 082 |
_223 _a294.5092 VEN |
||
| 100 |
_aVenkataramanan, Geetha Ed. _917124 |
||
| 245 |
_aEmbodiment of Truth Volume 1 _b: Kanchi Mahaswami _c/ Geetha Venkataramanan |
||
| 260 |
_aChennai _bTHG Publishing Pvt Ltd. _c2024 |
||
| 300 | _a192p, ill.: 30cm | ||
| 650 | 0 |
_aEarly Life & Spiritual Calling, Role as Shankaracharya, Advaita Vedanta Philosophy, Dharma & Righteous Living, Religious Discourses etc. _917125 |
|
| 942 |
_2ddc _cREF |
||
| 999 |
_c47294 _d47294 |
||